Minerals planning guidance (Record no. 100184)
[ view plain ]
| 000 -LEADER | |
|---|---|
| fixed length control field | 01138cam a2200265 4500 |
| 008 - FIXED-LENGTH DATA ELEMENTS--GENERAL INFORMATION | |
| fixed length control field | 000000n2000 000 0 eng u |
| 020 ## - INTERNATIONAL STANDARD BOOK NUMBER | |
| International Standard Book Number | 0117535400 |
| 035 ## - SYSTEM CONTROL NUMBER | |
| System control number | (Sirsi) u103886 |
| 050 ## - LIBRARY OF CONGRESS CALL NUMBER | |
| Classification number | 711.1 |
| -- | 18 |
| 110 ## - MAIN ENTRY--CORPORATE NAME | |
| Corporate name or jurisdiction name as entry element | United Kingdom |
| Subordinate unit | Department of the Environment, Transport and the Regions |
| 9 (RLIN) | 3507 |
| 245 ## - TITLE STATEMENT | |
| Title | Minerals planning guidance |
| Remainder of title | stability in surface mineral working and tips. |
| 260 ## - PUBLICATION, DISTRIBUTION, ETC. | |
| Place of publication, distribution, etc. | London |
| Name of publisher, distributor, etc. | Stationery Office |
| Date of publication, distribution, etc. | 2000 |
| 300 ## - PHYSICAL DESCRIPTION | |
| Extent | 40p. |
| Other physical details | ill. |
| Dimensions | 30cm. |
| 350 ## - PRICE (NR) (BK AM CF MU VM SE) [OBSOLETE] | |
| Price | 9 |
| 490 ## - SERIES STATEMENT | |
| Series statement | MPG |
| Volume/sequential designation | 5 |
| 520 ## - SUMMARY, ETC. | |
| Summary, etc. | Advises local authorities, landowners, mineral operators and other developers on the exercise of planning control with respect to stability in surface mineral workings and tips and on good practice in the design, assessment and inspection of excavated slopes and tips. To be read in conjunction with PPG14. View at www.planning.odpm.gov.uk. |
| 650 ## - SUBJECT ADDED ENTRY--TOPICAL TERM | |
| Topical term or geographic name entry element | MINING |
| 650 ## - SUBJECT ADDED ENTRY--TOPICAL TERM | |
| Topical term or geographic name entry element | QUARRIES |
| 650 ## - SUBJECT ADDED ENTRY--TOPICAL TERM | |
| Topical term or geographic name entry element | TIPS |
| 650 ## - SUBJECT ADDED ENTRY--TOPICAL TERM | |
| Topical term or geographic name entry element | SLOPES |
| 650 ## - SUBJECT ADDED ENTRY--TOPICAL TERM | |
| Topical term or geographic name entry element | MPG5 |
| 690 ## - LOCAL SUBJECT ADDED ENTRY--TOPICAL TERM (OCLC, RLIN) | |
| Topical term or geographic name as entry element | MINING AND MINERALS |
| 856 ## - ELECTRONIC LOCATION AND ACCESS | |
| Uniform Resource Identifier | <a href="https://www.communities.gov.uk/index.asp?id=1144172">https://www.communities.gov.uk/index.asp?id=1144172</a> |
| Hours access method available | View the guidance on the ODPM website... |
| 942 ## - ADDED ENTRY ELEMENTS (KOHA) | |
| Suppress in OPAC | 0 |
| Withdrawn status | Lost status | Source of classification or shelving scheme | Damaged status | Not for loan | Home library | Current library | Shelving location | Date acquired | Cost, normal purchase price | Total Checkouts | Full call number | Barcode | Date last seen | Copy number | Cost, replacement price | Price effective from | Koha item type |
|---|---|---|---|---|---|---|---|---|---|---|---|---|---|---|---|---|---|
| Dewey Decimal Classification | London | London | Enquiry desk | 22/02/2000 | 7.65 | BOXED SET | 30060537 | 06/08/2019 | 1 | 7.65 | 06/08/2019 | Book | |||||
| Dewey Decimal Classification | London | London | Enquiry desk | 07/03/2000 | 7.65 | BOXED SET | 30060758 | 06/08/2019 | 2 | 7.65 | 06/08/2019 | Reference material | |||||
| Dewey Decimal Classification | Virtual | Virtual | Online | 27/06/2003 | ONLINE PUBLICATION | 103886-2001 | 06/08/2019 | 1 | 06/08/2019 | Book |